00418nam a2200157Ia 450000500170000000800460001703700120006304000200007504100130009508400220010810000200013024500420015025000060019226000490019830000130024720250508151037.0008 250505s9999 xx 000 0 eng d aTextual aFEDLbengcFEDL aeng2eng a328.37, AURqFEDL aAuer J. Jeffery 0aEssentials of Praliamentary procedure a2 aNew York, USAbAppleton-Century-Croftsc1942 aviii,41p